000 00255nam a2200109 a 4500
005 20140414132017.0
008 110314s19uu xx 00 eng d
050 _aTR
_bC51 1999
100 _aMaccarone, Grace
245 _aThe class trip.
999 _c113392
_d113392